Modele Zastavy - Statystyki

Ogólne statystyki
  • Ten quiz został rozwiązany 3 razy
  • Średni wynik to 4 z 9
Statystyki odpowiedzi
Modele % Poprawnych
850
100%
600
67%
750
67%
101
33%
125pz
33%
128
33%
1300
33%
1400BJ
33%
1500
33%
Nie znaleziono quizów pasujących do podanych kryteriów
Rozkład punktacji
Procent ludzi z każdym wynikiem
Percentyl według liczby udzielonych odpowiedzi
Twoja historia wyników
Nie rozwiązałeś tego quizu